000 00331nam a2200133Ia 4500
005 20251222144917.0
008 251222s9999||||xx |||||||||||||| ||spa||
020 _a978-9972-242-41-0
082 _a868.94/V42
100 _aVelloso Da Silveira, Lúcia
245 0 _aVientos del Cordel Brasileño:
264 _bHozlo
942 _cLIB
999 _c22585
_d22585